000 00993nam0a22002651 4500
001 rc\2768498
005 20250806203702.0
035 _a(NLR Aleph) 006894907
090 _a15575
_c15575
100 _a20110915d1941 u y0rusy50 ca
101 0 _arus
102 _aRU
105 _aa z |||||
200 1 _aТранспортная иммобилизация на этапах эвакуации (войсковой район)
_fПроф. М. Н. Ахутин
210 _aМосква
_cМедгиз
_d1941
215 _a26, [2] с.
_cил.
_d14 см.
225 1 _aБиблиотека войскового врача
_fГлав. воен.-сан. упр. Красной Армии
700 1 _aАхутин
_bМ.Н.
_f1898-1948
_gМихаил Никифорович
801 0 _aRU
_bNLR
_gpsbo
801 1 _aRU
_bELAR
_2rusmarc
852 _aNLR
_jМд40 Г-2/100
942 _cBOOK
945 _aРоссийская национальная библиотека
980 _aNB
980 _aBV